Normal view
MARC view
- RIJA, VAN KEITH
Entry Personal Name
001 - CONTROL NUMBER
- control field: 86983
003 - CONTROL NUMBER IDENTIFIER
- control field: NUST
005 - DATE AND TIME OF LATEST TRANSACTION
- control field: 20211223123916.0
008 - FIXED-LENGTH DATA ELEMENTS
- fixed length control field: 211223|| aca||aabn | a|a d
040 ## - CATALOGING SOURCE
- Original cataloging agency: NUST
- Transcribing agency: NUST
100 ## - HEADING--PERSONAL NAME
- Personal name: RIJA, VAN KEITH
670 ## - SOURCE DATA FOUND
- Source citation: Work cat.: (NUST): RIJA, VAN KEITH., GEOMETRY OF INFORMATION /, 2009.
